[Event "22nd EUR-ch (w)"]
[Site "Prague CZE"]
[Date "2022.08.25"]
[Round "6.5"]
[White "Ushenina, Anna"]
[Black "Fataliyeva, Ulviyya"]
[Result "1/2-1/2"]
[WhiteElo "2423"]
[BlackElo "2413"]
[EventDate "2022.08.20"]
[PlyCount "174"]

1.d4 d5 2.c4 c6 3.cxd5 cxd5 4.Bf4 Nc6 5.e3 Bf5 6.Nc3 Nf6 7.Qb3 Na5 8.Qa4+ 
Bd7 9.Qc2 Rc8 10.Bd3 e6 11.Nf3 Bb4 12.O-O Nc4 13.Bxc4 Rxc4 14.Ne5 Rc8 15.
Qb3 a5 16.Rfc1 O-O 17.Bg5 h6 18.Bxf6 gxf6 19.Nd3 Bd6 20.Na4 Bc6 21.g3 Kh8 
22.Qd1 f5 23.Rc3 Qe8 24.Rac1 Rb8 25.Nac5 Bb5 26.a4 Bc6 27.b3 Qe7 28.R3c2 
Rfd8 29.Qd2 Be8 30.Nf4 b6 31.Ncd3 Qf6 32.Qc3 Ba3 33.Ra1 Bd6 34.Ne5 Bb4 35.
Qd3 Rdc8 36.Rac1 Rxc2 37.Rxc2 Bd6 38.Qa6 Bxe5 39.dxe5 Qxe5 40.Qa7 Qd6 41.
Rc7 Rd8 42.Rxf7 Rd7 43.Qa8 Rd8 44.Qb7 Rd7 45.Qc8 Rd8 46.Qxe6 Bxf7 47.Qxf7 
Rg8 48.h4 d4 49.exd4 Rg7 50.Qxf5 Qxd4 51.Ng6+ Kg8 52.h5 Qd8 53.Qe6+ Kh7 
54.Nf4 Qd4 55.Qf5+ Kg8 56.Kg2 Qd7 57.Ne6 Rf7 58.Qg6+ Kh8 59.Qxh6+ Kg8 60.
Qg6+ Kh8 61.Nf4 Qb7+ 62.Kh2 Qc7 63.h6 Qe7 64.Kg1 Rf6 65.Qg5 Qf7 66.Nh5 Rf5
67.Qd8+ Kh7 68.Nf4 Rf6 69.Qd4 Rxh6 70.Qe4+ Kg8 71.Qa8+ Kg7 72.Qf3 Qf5 73.
Qc3+ Kf8 74.Qe1 Qg4 75.Kg2 Qf5 76.Qe3 Rd6 77.Qf3 Rf6 78.Qa8+ Kf7 79.Qb7+ 
Kf8 80.Qb8+ Kf7 81.Qc7+ Kf8 82.Qd8+ Kf7 83.Qd4 Kf8 84.Kg1 Qb1+ 85.Kg2 Qf5 
86.Kg1 Qb1+ 87.Kg2 Qf5 1/2-1/2

[Event "22nd EUR-ch (w)"]
[Site "Prague CZE"]
[Date "2022.08.25"]
[Round "6.6"]
[White "Mammadova, Gulnar"]
[Black "Malcewska, Aleksandra"]
[Result "1/2-1/2"]
[WhiteElo "2380"]
[BlackElo "2360"]
[EventDate "2022.08.20"]
[PlyCount "47"]

1.e4 c5 2.Nf3 e6 3.d4 cxd4 4.Nxd4 Nc6 5.Nc3 Qc7 6.g3 Nf6 7.Ndb5 Qb8 8.Bf4 
e5 9.Bg5 a6 10.Bxf6 gxf6 11.Na3 Bxa3 12.bxa3 Ne7 13.Qf3 Qc7 14.Bg2 d6 15.
O-O Rg8 16.Nd1 f5 17.exf5 Nxf5 18.Rb1 Rb8 19.Ne3 Nxe3 20.fxe3 Be6 21.Rxb7 
Rxb7 22.Qxb7 Qxb7 23.Bxb7 Ke7 24.Bxa6 1/2-1/2

[Event "22nd EUR-ch (w)"]
[Site "Prague CZE"]
[Date "2022.08.25"]
[Round "6.7"]
[White "Batsiashvili, Nino"]
[Black "Heinemann, Josefine"]
[Result "1/2-1/2"]
[WhiteElo "2466"]
[BlackElo "2321"]
[EventDate "2022.08.20"]
[PlyCount "121"]

1.c4 e6 2.Nc3 c5 3.Nf3 Nf6 4.d4 d5 5.cxd5 Nxd5 6.e4 Nxc3 7.bxc3 cxd4 8.
cxd4 Bb4+ 9.Bd2 Bxd2+ 10.Qxd2 O-O 11.Bc4 Nd7 12.O-O b6 13.Rfe1 Bb7 14.Re3 
Rc8 15.Bb3 h6 16.Rd1 Nf6 17.Qe1 Ng4 18.Re2 Ba6 19.Red2 Bc4 20.h3 Bxb3 21.
axb3 Nf6 22.Qe3 Re8 23.Ne5 a5 24.f4 b5 25.d5 exd5 26.exd5 Nd7 27.Qa7 Qb6+ 
28.Qxb6 Nxb6 29.d6 Red8 30.d7 Rc7 31.Rd6 f6 32.Rxb6 fxe5 33.fxe5 Rcxd7 34.
Rxd7 Rxd7 35.Rxb5 Ra7 36.Kf2 a4 37.bxa4 Rxa4 38.Kf3 Kf7 39.Rb6 h5 40.Rb7+ 
Kf8 41.Rd7 Rb4 42.Ke3 Ra4 43.Rd4 Ra2 44.g3 Ra3+ 45.Rd3 Ra4 46.Rd7 Rb4 47.
Kf3 Ra4 48.g4 hxg4+ 49.hxg4 g5 50.Rd3 Rf4+ 51.Kg3 Re4 52.Rf3+ Kg7 53.Rf5 
Kg6 54.Kf3 Re1 55.Rf6+ Kg7 56.Re6 Kf7 57.Rf6+ Kg7 58.Rf5 Kg6 59.Kf2 Re4 
60.Kg3 Re3+ 61.Kg2 1/2-1/2

[Event "22nd EUR-ch (w)"]
[Site "Prague CZE"]
[Date "2022.08.25"]
[Round "6.8"]
[White "Zawadzka, Jolanta"]
[Black "Garcia Martin, Marta"]
[Result "1/2-1/2"]
[WhiteElo "2412"]
[BlackElo "2305"]
[EventDate "2022.08.20"]
[PlyCount "92"]

1.e4 c5 2.Nf3 Nc6 3.d4 cxd4 4.Nxd4 Nf6 5.Nc3 d6 6.Bg5 e6 7.Qd2 a6 8.Nxc6 
bxc6 9.O-O-O Be7 10.Bxf6 gxf6 11.Bc4 Bb7 12.Bb3 Qc7 13.Rhe1 O-O-O 14.Qe3 
Kb8 15.f4 Rhe8 16.g3 d5 17.Kb1 Bb4 18.a3 Ba5 19.Ba4 Re7 20.Re2 Bb6 21.Qd3 
h5 22.Bb3 Red7 23.exd5 cxd5 24.Na4 Ba7 25.Qh7 f5 26.Qxh5 d4 27.Red2 Bc6 
28.Qe2 Bb5 29.Qe1 Qc6 30.Rd3 Ka8 31.Qa5 Rd5 32.Bxd5 Rxd5 33.Qb4 Bxa4 34.b3
Bb5 35.Qf8+ Kb7 36.R3d2 Qd7 37.a4 Bc5 38.Qg7 Bc6 39.h4 Ka7 40.h5 Qb7 41.h6
f6 42.Rh2 Rd8 43.Qxf6 Be4 44.Qxd8 Qxb3+ 45.Ka1 Qa3+ 46.Kb1 Qb3+ 1/2-1/2

[Event "22nd EUR-ch (w)"]
[Site "Prague CZE"]
[Date "2022.08.25"]
[Round "6.9"]
[White "Salimova, Nurgyul"]
[Black "Babiy, Olga"]
[Result "0-1"]
[WhiteElo "2404"]
[BlackElo "2296"]
[EventDate "2022.08.20"]
[PlyCount "96"]

1.e4 c5 2.Nf3 d6 3.d4 cxd4 4.Nxd4 Nf6 5.Nc3 a6 6.Bg5 e6 7.f4 Nbd7 8.Qf3 
Qc7 9.O-O-O b5 10.Bd3 Bb7 11.Rhe1 Be7 12.Qh3 O-O-O 13.f5 e5 14.Nb3 Kb8 15.
Kb1 b4 16.Bxf6 Nxf6 17.Nd5 Nxd5 18.exd5 Bxd5 19.Qg4 a5 20.Be4 h5 21.Qf3 
Bc4 22.Bd5 Rc8 23.Bxc4 Qxc4 24.Nxa5 Qxc2+ 25.Ka1 Rc7 26.Nb3 Rhc8 27.Qd5 
Qc4 28.Kb1 h4 29.Qxc4 Rxc4 30.Rd5 R8c7 31.Nd2 Rg4 32.Re2 Kb7 33.b3 Rc5 34.
Rd3 Rf4 35.Ne4 Rf1+ 36.Kb2 Rc6 37.Rf3 Rd1 38.f6 gxf6 39.Nxf6 d5 40.Ng4 Bg5
41.Rxf7+ Ka6 42.a4 e4 43.Rff2 Rcc1 44.Rf5 Rb1+ 45.Ka2 Ra1+ 46.Kb2 Rdb1+ 
47.Kc2 Bc1 48.Kd1 Be3+ 0-1

[Event "22nd EUR-ch (w)"]
[Site "Prague CZE"]
[Date "2022.08.25"]
[Round "6.10"]
[White "Tsolakidou, Stavroula"]
[Black "Rapport, Jovana"]
[Result "1/2-1/2"]
[WhiteElo "2388"]
[BlackElo "2294"]
[EventDate "2022.08.20"]
[PlyCount "65"]

1.d4 Nf6 2.c4 g6 3.h4 Bg7 4.Nc3 d6 5.e4 Na6 6.Be2 h5 7.Nf3 c6 8.Ng5 Nc7 9.
f3 Nh7 10.Nxh7 Rxh7 11.Be3 Bd7 12.Qd2 e5 13.d5 c5 14.a3 f5 15.exf5 gxf5 
16.Bd3 Qe7 17.Qc2 Qf8 18.O-O-O O-O-O 19.Rdf1 Bh6 20.Nd1 Bxe3+ 21.Nxe3 Rf7 
22.Qe2 Qh6 23.Kb1 Rg8 24.Rhg1 f4 25.Nd1 Qf6 26.Nc3 Qxh4 27.Rh1 Qe7 28.Rxh5
Ne8 29.Rfh1 Rfg7 30.R1h2 Nf6 31.Rh6 Kc7 32.Qc2 Qf8 33.R6h4 1/2-1/2

[Event "22nd EUR-ch (w)"]
[Site "Prague CZE"]
[Date "2022.08.25"]
[Round "6.11"]
[White "Sliwicka, Alicja"]
[Black "Sargsian, Anna M."]
[Result "0-1"]
[WhiteElo "2260"]
[BlackElo "2378"]
[EventDate "2022.08.20"]
[PlyCount "80"]

1.e4 c5 2.Nf3 Nc6 3.d4 cxd4 4.Nxd4 Nf6 5.Nc3 e5 6.Ndb5 d6 7.a4 Be7 8.Bg5 
a6 9.Na3 Bg4 10.Qd2 O-O 11.h3 Be6 12.Rd1 Rc8 13.Be2 Nd4 14.Bxf6 Bxf6 15.
Bg4 Bg5 16.Qd3 Qb6 17.Rb1 g6 18.Bxe6 fxe6 19.O-O Rf7 20.Nd1 Rcf8 21.Nc4 
Qc6 22.b3 b5 23.axb5 axb5 24.Nce3 d5 25.exd5 exd5 26.c3 Bxe3 27.Qxe3 Ne6 
28.Qxe5 Nf4 29.Ne3 Re8 30.Qg5 h6 31.Qxh6 d4 32.Qg5 dxe3 33.fxe3 Ne2+ 34.
Kh1 Ref8 35.Rxf7 Rxf7 36.Rd1 Kg7 37.c4 Qe6 38.c5 Rf3 39.Qh4 Rxe3 40.Qd8 
Rxh3+ 0-1

[Event "22nd EUR-ch (w)"]
[Site "Prague CZE"]
[Date "2022.08.25"]
[Round "6.12"]
[White "Gaponenko, Inna"]
[Black "Antova, Gabriela"]
[Result "1/2-1/2"]
[WhiteElo "2339"]
[BlackElo "2269"]
[EventDate "2022.08.20"]
[PlyCount "44"]

1.e4 c5 2.Nf3 d6 3.d4 cxd4 4.Nxd4 Nf6 5.Nc3 a6 6.Bd3 g6 7.f3 Bg7 8.Be3 
Nbd7 9.Qd2 h5 10.O-O b5 11.a4 bxa4 12.Nxa4 Bb7 13.c4 a5 14.Nb3 O-O 15.Rfd1
Bc6 16.Nc3 Ne5 17.Bf1 Nfd7 18.Nd4 Bb7 19.Na4 Qb8 20.h3 Rc8 21.Rac1 Ba6 22.
b3 Nc6 1/2-1/2

[Event "22nd EUR-ch (w)"]
[Site "Prague CZE"]
[Date "2022.08.25"]
[Round "6.13"]
[White "Doluhanova, Evgeniya"]
[Black "Narva, Mai"]
[Result "0-1"]
[WhiteElo "2278"]
[BlackElo "2405"]
[EventDate "2022.08.20"]
[PlyCount "80"]

1.c4 e6 2.e4 d5 3.cxd5 exd5 4.exd5 Nf6 5.Bb5+ Nbd7 6.Nc3 Be7 7.Nf3 O-O 8.
O-O Nb6 9.d4 Nbxd5 10.Re1 h6 11.Ne5 c6 12.Bd3 Re8 13.Qf3 Be6 14.Qg3 Nh5 
15.Qf3 Nhf6 16.a3 Bd6 17.Bd2 Qc7 18.h3 Bf8 19.Qg3 Kh8 20.Nxd5 Nxd5 21.Re2 
Qb6 22.Rae1 Qxd4 23.Ng6+ Kg8 24.Bxh6 fxg6 25.Qxg6 Qf6 26.Qh7+ Kf7 27.Bd2 
Bd7 28.h4 Rxe2 29.Rxe2 Re8 30.Qh5+ g6 31.Qh7+ Bg7 32.Bg5 Qd6 33.h5 Rxe2 
34.hxg6+ Kf8 35.Bxe2 Ne7 36.Bh5 Ng8 37.f4 Bf5 38.Kh2 Nf6 39.Bxf6 Qxf6 40.
Kg3 c5 0-1

[Event "22nd EUR-ch (w)"]
[Site "Prague CZE"]
[Date "2022.08.25"]
[Round "6.14"]
[White "Milliet, Sophie"]
[Black "Urh, Zala"]
[Result "1/2-1/2"]
[WhiteElo "2391"]
[BlackElo "2262"]
[EventDate "2022.08.20"]
[PlyCount "88"]

1.e4 e5 2.Nf3 Nc6 3.Bb5 a6 4.Ba4 Nf6 5.O-O Nxe4 6.d4 b5 7.Bb3 d5 8.dxe5 
Be6 9.Qe2 Nc5 10.Rd1 Nxb3 11.cxb3 Be7 12.Be3 O-O 13.Nc3 Qd7 14.Rd2 Rfe8 
15.Rad1 Bb4 16.h3 Rad8 17.Bg5 Rb8 18.Rd3 Bxc3 19.bxc3 h6 20.Bh4 Ne7 21.
Bxe7 Qxe7 22.Nd4 Rb6 23.b4 c5 24.bxc5 Qxc5 25.Qe3 b4 26.f4 bxc3 27.Rxc3 
Qe7 28.Nf5 Qd8 29.Nd6 Rxd6 30.exd6 Bg4 31.Qxe8+ Qxe8 32.hxg4 Qe6 33.Rc6 d4
34.f5 Qd5 35.Rxa6 d3 36.Kh1 d2 37.Rb6 Qe5 38.Rbb1 Qxd6 39.a4 Qd4 40.a5 
Qxg4 41.Ra1 Qh4+ 42.Kg1 Qd4+ 43.Kh1 Qh4+ 44.Kg1 Qd4+ 1/2-1/2

[Event "22nd EUR-ch (w)"]
[Site "Prague CZE"]
[Date "2022.08.25"]
[Round "6.15"]
[White "Gueci, Tea"]
[Black "Injac, Teodora"]
[Result "0-1"]
[WhiteElo "2254"]
[BlackElo "2389"]
[EventDate "2022.08.20"]
[PlyCount "90"]

1.e4 c5 2.Nf3 d6 3.d4 cxd4 4.Nxd4 Nf6 5.Nc3 a6 6.h3 e5 7.Nb3 Be7 8.g4 h6 
9.Be3 b5 10.Nd5 Bb7 11.Nxf6+ Bxf6 12.Bg2 Nc6 13.Qd2 Bg5 14.O-O-O Bxe3 15.
fxe3 Ke7 16.Rhf1 Qc7 17.Kb1 Bc8 18.Bf3 Be6 19.Nc1 Na5 20.Be2 Qb6 21.Qb4 
Rhc8 22.b3 Nb7 23.Rf3 Rc5 24.Nd3 a5 25.Qe1 Rc7 26.Qh4+ f6 27.g5 hxg5 28.
Qh7 Rg8 29.Rxf6 Kxf6 30.Bg4 Qc6 31.c4 Qe8 32.Rf1+ Ke7 33.Bxe6 Kxe6 34.Qf5+
Ke7 35.cxb5 Kd8 36.b6 Rd7 37.Rc1 Qe7 38.Rf1 Qf6 39.Qxf6+ gxf6 40.Rxf6 Ke7 
41.Rh6 Rg7 42.b4 Rd8 43.bxa5 Nxa5 44.Nb4 Rb8 45.Nd5+ Kd7 0-1

[Event "22nd EUR-ch (w)"]
[Site "Prague CZE"]
[Date "2022.08.25"]
[Round "6.16"]
[White "Rakhmangulova, Anastasiya"]
[Black "Daulyte-Cornette, Deimante"]
[Result "1-0"]
[WhiteElo "2244"]
[BlackElo "2384"]
[EventDate "2022.08.20"]
[PlyCount "93"]

1.e4 c5 2.Nf3 Nc6 3.d4 cxd4 4.Nxd4 Nf6 5.Nc3 e6 6.g3 Bb4 7.Bg2 O-O 8.O-O 
d6 9.h3 a6 10.Nde2 Bc5 11.g4 Qc7 12.a4 Rb8 13.Bf4 Nd7 14.Bg3 b5 15.axb5 
axb5 16.Kh2 Nde5 17.b3 Qb6 18.f4 Nd7 19.Rf3 Bb7 20.Qd2 Ra8 21.Raf1 b4 22.
Na4 Rxa4 23.bxa4 Na5 24.Qd3 Ba6 25.Qd1 Nc4 26.Bf2 Ne3 27.Bxe3 Bxe3 28.Rg3 
e5 29.fxe5 Nxe5 30.Rf5 Bc4 31.Kh1 Bf2 32.Rb3 Bxb3 33.cxb3 Qe3 34.Nf4 Rc8 
35.Nd5 Qc1 36.Qf1 Bh4 37.Qxc1 Rxc1+ 38.Rf1 Nd3 39.a5 Be1 40.Bf3 Rb1 41.a6 
Ne5 42.Be2 Nc6 43.Bc4 Ra1 44.Nc7 Ne5 45.Bb5 h5 46.gxh5 Kf8 47.Ba4 1-0

[Event "22nd EUR-ch (w)"]
[Site "Prague CZE"]
[Date "2022.08.25"]
[Round "6.17"]
[White "Melia, Salome"]
[Black "Kubicka, Anna"]
[Result "0-1"]
[WhiteElo "2384"]
[BlackElo "2237"]
[EventDate "2022.08.20"]
[PlyCount "90"]

1.e4 e5 2.Bc4 Nf6 3.d3 c6 4.Nf3 d5 5.Bb3 Bd6 6.Nc3 O-O 7.O-O dxe4 8.Nxe4 
Nxe4 9.dxe4 Na6 10.Be3 Bg4 11.h3 Bh5 12.Qe2 Qc7 13.c3 Nc5 14.Bxc5 Bxc5 15.
g4 Bg6 16.Rad1 Rad8 17.h4 h6 18.h5 Bh7 19.Rxd8 Qxd8 20.Rd1 Qf6 21.Rd3 g6 
22.Nd2 gxh5 23.gxh5 Kh8 24.Kg2 Qf4 25.Bc2 f5 26.Rd7 Qh4 27.Qf3 fxe4 28.
Rxh7+ Kxh7 29.Qxe4+ Qxe4+ 30.Nxe4 Be7 31.b4 Kg7 32.a4 Rf5 33.Ng3 Rf4 34.
Nf5+ Kf6 35.Nxh6 Bf8 36.Ng8+ Kg5 37.h6 Bxh6 38.Ne7 Rc4 39.b5 Rxc3 40.Be4 
Bf8 41.Ng6 Bd6 42.f3 Rc4 43.Nh8 Kf6 44.bxc6 Rxe4 45.fxe4 bxc6 0-1

[Event "22nd EUR-ch (w)"]
[Site "Prague CZE"]
[Date "2022.08.25"]
[Round "6.18"]
[White "Krasteva, Beloslava"]
[Black "Kiolbasa, Oliwia"]
[Result "1/2-1/2"]
[WhiteElo "2269"]
[BlackElo "2383"]
[EventDate "2022.08.20"]
[PlyCount "74"]

1.d4 d5 2.c4 e6 3.Nc3 Nf6 4.cxd5 exd5 5.Bg5 c6 6.e3 Bd6 7.Bd3 O-O 8.Nge2 
Re8 9.Qc2 h6 10.Bh4 a5 11.h3 Na6 12.a3 Nc7 13.O-O Ne6 14.Rad1 b5 15.e4 g5 
16.Bg3 Bxg3 17.fxg3 b4 18.e5 Nd7 19.Na4 Bb7 20.Bg6 Re7 21.Bxf7+ Rxf7 22.
Qg6+ Rg7 23.Qxe6+ Kh7 24.Nc5 Nxc5 25.dxc5 Qe7 26.Nd4 Qxe6 27.Nxe6 Re7 28.
Rf6 Ba6 29.Rd2 Rae8 30.Nf8+ Kg7 31.Rdf2 Bd3 32.e6 bxa3 33.bxa3 Be4 34.Rf1 
Bd3 35.R1f3 Be4 36.Rf1 Bd3 37.R1f3 Be4 1/2-1/2

[Event "22nd EUR-ch (w)"]
[Site "Prague CZE"]
[Date "2022.08.25"]
[Round "6.19"]
[White "Van Foreest, Machteld"]
[Black "Balajayeva, Khanim"]
[Result "1/2-1/2"]
[WhiteElo "2235"]
[BlackElo "2344"]
[EventDate "2022.08.20"]
[PlyCount "81"]

1.e4 e5 2.Nf3 Nc6 3.Bc4 Nf6 4.d3 Bc5 5.c3 d6 6.Bb3 a5 7.h3 O-O 8.O-O h6 9.
Re1 Be6 10.Ba4 Bb6 11.Be3 Bxe3 12.Rxe3 Ne7 13.Nbd2 Ng6 14.d4 c6 15.Nf1 Qc7
16.Bb3 Bxb3 17.Qxb3 a4 18.Qc2 b5 19.Ng3 Nf4 20.Nf5 Rfe8 21.Rd1 Rad8 22.c4 
Qb8 23.Ree1 Kh7 24.c5 dxc5 25.dxe5 Nd7 26.Nd6 Rf8 27.Rd2 Nxe5 28.Nxe5 Rxd6
29.Nd7 Rxd7 30.Rxd7 Qe5 31.Rd5 Qe7 32.Rf5 Ne6 33.Qc3 Rd8 34.e5 Rd5 35.Rf3 
c4 36.Rfe3 Nc5 37.Qc2+ Kg8 38.Qf5 Nd3 39.R1e2 Nc1 40.Re1 Nd3 41.Qc8+ 
1/2-1/2

[Event "22nd EUR-ch (w)"]
[Site "Prague CZE"]
[Date "2022.08.25"]
[Round "6.20"]
[White "Hajiyeva, Laman"]
[Black "Beydullayeva, Govhar"]
[Result "1/2-1/2"]
[WhiteElo "2042"]
[BlackElo "2339"]
[EventDate "2022.08.20"]
[PlyCount "60"]

1.e4 c5 2.c3 Nf6 3.e5 Nd5 4.Nf3 Nc6 5.d4 cxd4 6.cxd4 d6 7.Bc4 dxe5 8.dxe5 
Ndb4 9.O-O Qxd1 10.Rxd1 Bg4 11.Nc3 e6 12.Be2 h6 13.Bf4 Nc2 14.Rac1 Bxf3 
15.Bxf3 N2d4 16.Bxc6+ Nxc6 17.Nb5 Rc8 18.Be3 Be7 19.Nxa7 Nxa7 20.Bxa7 Rxc1
21.Rxc1 Kd7 22.Rd1+ Kc6 23.Rc1+ Kd7 24.Bb6 Rc8 25.Rxc8 Kxc8 26.Kf1 Kd7 27.
Ke2 Kc6 28.Bd4 Kd5 29.Kd3 b5 30.g3 g5 1/2-1/2

[Event "22nd EUR-ch (w)"]
[Site "Prague CZE"]
[Date "2022.08.25"]
[Round "6.22"]
[White "Kanakova, Natalie"]
[Black "Gaal, Zsoka"]
[Result "1-0"]
[WhiteElo "2171"]
[BlackElo "2313"]
[EventDate "2022.08.20"]
[PlyCount "81"]

1.c4 e6 2.g3 d5 3.Bg2 Nf6 4.Nf3 d4 5.O-O c5 6.d3 Nc6 7.e4 e5 8.h3 Be7 9.
Nh2 h5 10.f4 h4 11.g4 exf4 12.Bxf4 Be6 13.e5 Nd7 14.Bxc6 bxc6 15.Nf3 Qb8 
16.Qe2 Nf8 17.Nbd2 Ng6 18.Bh2 Qxb2 19.Rab1 Qc2 20.a4 Qc3 21.Nb3 Rb8 22.
Nfd2 O-O 23.Rfc1 Qb4 24.Nxd4 cxd4 25.Rxb4 Rxb4 26.Ne4 Rfb8 27.Nd6 Bg5 28.
Rc2 Rb1+ 29.Kg2 Be3 30.Nf5 Rg1+ 31.Kf3 Bxf5 32.gxf5 Nxe5+ 33.Bxe5 Rbb1 34.
Bh2 Rbf1+ 35.Ke4 f6 36.Rb2 g6 37.fxg6 Kf8 38.g7+ Kxg7 39.Qh5 Rb1 40.Bxg1 
Rxb2 41.Bxe3 1-0

[Event "22nd EUR-ch (w)"]
[Site "Prague CZE"]
[Date "2022.08.25"]
[Round "6.23"]
[White "Schulze, Lara"]
[Black "Martynkova, Olena"]
[Result "1/2-1/2"]
[WhiteElo "2297"]
[BlackElo "2182"]
[EventDate "2022.08.20"]
[PlyCount "51"]

1.e4 e5 2.Nf3 d6 3.d4 exd4 4.Nxd4 Nf6 5.Nc3 Be7 6.g3 O-O 7.Bg2 Re8 8.O-O 
c6 9.a4 a5 10.h3 Na6 11.Re1 Nc5 12.g4 Bf8 13.Bf4 Qb6 14.Qd2 Qb4 15.b3 Nfd7
16.Rad1 Ne5 17.Bg3 Ned3 18.cxd3 Qxd4 19.Ne2 Qb4 20.Qxb4 axb4 21.Rb1 Nxd3 
22.Red1 Nc5 23.Bxd6 Nxe4 24.Bxf8 Kxf8 25.Rd4 Nf6 26.Nf4 1/2-1/2

[Event "22nd EUR-ch (w)"]
[Site "Prague CZE"]
[Date "2022.08.25"]
[Round "6.24"]
[White "Movsesian, Julia"]
[Black "Toncheva, Nadya"]
[Result "0-1"]
[WhiteElo "2291"]
[BlackElo "2164"]
[EventDate "2022.08.20"]
[PlyCount "84"]

1.e4 c5 2.Nc3 Nc6 3.g3 e6 4.Bg2 Nf6 5.Nge2 Be7 6.O-O d5 7.exd5 exd5 8.d4 
cxd4 9.Nxd4 Bg4 10.Nde2 O-O 11.h3 Bh5 12.g4 Bg6 13.Nf4 d4 14.Nxg6 hxg6 15.
Ne2 Bc5 16.a3 Bb6 17.Bf4 Qd7 18.Qd3 Rfe8 19.Rad1 Rad8 20.Nc1 Nd5 21.Bh2 
Bc7 22.Bxc7 Qxc7 23.Qc4 Nb6 24.Qb3 Na5 25.Qb4 Nac4 26.Nd3 Re2 27.b3 Ne3 
28.fxe3 Nd5 29.Qc4 Rxg2+ 30.Kxg2 Nxe3+ 31.Kh1 Nxc4 32.bxc4 Qg3 33.Nf4 Qxa3
34.Rb1 g5 35.Nd3 Qd6 36.c5 Qg3 37.Rxb7 Qxh3+ 38.Kg1 Qxg4+ 39.Kh2 Re8 40.
Rfxf7 Re2+ 41.Nf2 Qh5+ 42.Kg2 Qxf7 0-1

[Event "22nd EUR-ch (w)"]
[Site "Prague CZE"]
[Date "2022.08.25"]
[Round "6.25"]
[White "Radeva, Viktoria"]
[Black "Lach, Aleksandra"]
[Result "1/2-1/2"]
[WhiteElo "2289"]
[BlackElo "2152"]
[EventDate "2022.08.20"]
[PlyCount "188"]

1.e4 c5 2.Nf3 d6 3.d4 cxd4 4.Nxd4 Nf6 5.Nc3 g6 6.Be2 Bg7 7.Be3 Nc6 8.O-O 
O-O 9.Kh1 d5 10.Nxc6 bxc6 11.e5 Nd7 12.f4 e6 13.Na4 Qe7 14.c3 f6 15.exf6 
Bxf6 16.Bg4 Re8 17.Re1 Qd6 18.Qd2 c5 19.Rad1 Qc6 20.b3 Bb7 21.Bf3 Qc7 22.
b4 cxb4 23.cxb4 Nb6 24.Nxb6 axb6 25.Rc1 Qd6 26.Qf2 Qxb4 27.Rb1 Qc4 28.Rxb6
Rxa2 29.Qg3 Bc8 30.Bg1 Kh8 31.Rb8 Rc2 32.Ra8 Ra2 33.Rb8 Rc2 34.h3 Qc7 35.
Ra8 d4 36.Be4 Rc3 37.Qg4 Rd8 38.Rea1 Qf7 39.R1a7 Rc7 40.Ra3 Bg7 41.Qg5 Rf8
42.R3a4 Qd7 43.Bd3 Qd6 44.Ra1 Rc3 45.Ba6 d3 46.Bxc8 Rcxc8 47.R1a6 Qb4 48.
R8a7 Rf5 49.Qh4 g5 50.Qh5 gxf4 51.Qg4 Qf8 52.Rxe6 Rf6 53.Rxf6 Bxf6 54.Qd7 
Qg8 55.Qxd3 Rc1 56.Qe4 Qg6 57.Ra8+ Kg7 58.Ra7+ Kh8 59.Qxf4 Qg5 60.Ra8+ Kg7
61.Ra7+ Kh6 62.Qxg5+ Bxg5 63.Ra6+ Kg7 64.Re6 Kf7 65.Re2 Be7 66.g3 Bc5 67.
Rg2 Bxg1 68.Rxg1 Rc2 69.Rg2 Rc1+ 70.Kh2 h5 71.Ra2 Rc6 72.Kg2 Kg6 73.Ra4 
Rf6 74.Rc4 Kh6 75.Rc5 Ra6 76.Kf3 Ra3+ 77.Kf4 h4 78.Rc6+ Kh7 79.g4 Rxh3 80.
Kg5 Kg7 81.Rc7+ Kg8 82.Kg6 Rf3 83.Rc8+ Rf8 84.Rc3 Rf7 85.Kg5 Kg7 86.Kxh4 
Ra7 87.Kh5 Rb7 88.g5 Ra7 89.Rc5 Rb7 90.g6 Ra7 91.Kg5 Rb7 92.Rf5 Ra7 93.
Rf7+ Rxf7 94.gxf7 Kxf7 1/2-1/2

[Event "22nd EUR-ch (w)"]
[Site "Prague CZE"]
[Date "2022.08.25"]
[Round "6.26"]
[White "Javakhishvili, Lela"]
[Black "Gajcin, Marina"]
[Result "1-0"]
[WhiteElo "2476"]
[BlackElo "2244"]
[EventDate "2022.08.20"]
[PlyCount "59"]

1.d4 Nf6 2.c4 g6 3.Nc3 d5 4.Nf3 Bg7 5.h4 c5 6.dxc5 Na6 7.cxd5 Qa5 8.Bd2 
Qxc5 9.e4 O-O 10.Be2 e6 11.Rc1 Qb6 12.O-O exd5 13.e5 Ne4 14.Nxd5 Qxb2 15.
Rc2 Qa3 16.Bc1 Qa5 17.Qd4 Bf5 18.Ne7+ Kh8 19.Nxf5 gxf5 20.Qd7 Nac5 21.Qxf5
f6 22.e6 b6 23.h5 h6 24.Nh4 Qa4 25.Ng6+ Kg8 26.Rc4 Nd6 27.Qd5 Nxc4 28.e7+ 
Kh7 29.exf8=N+ Bxf8 30.Bxc4 1-0

[Event "22nd EUR-ch (w)"]
[Site "Prague CZE"]
[Date "2022.08.25"]
[Round "6.27"]
[White "Bulmaga, Irina"]
[Black "Calzetta Ruiz, Monica"]
[Result "1/2-1/2"]
[WhiteElo "2403"]
[BlackElo "2230"]
[EventDate "2022.08.20"]
[PlyCount "57"]

1.e4 c5 2.Nf3 d6 3.d4 cxd4 4.Nxd4 Nf6 5.Nc3 g6 6.Be3 Nc6 7.f3 h5 8.Qd2 
Nxd4 9.Bxd4 Bh6 10.Qf2 Qa5 11.Bb5+ Kf8 12.O-O e5 13.Be3 Bxe3 14.Qxe3 Be6 
15.Rad1 Rc8 16.a4 a6 17.Be2 Qb4 18.Qg5 Kg7 19.f4 Rxc3 20.bxc3 Qc5+ 21.Kh1 
Nxe4 22.Qh4 Nxc3 23.f5 Bxf5 24.Rxf5 gxf5 25.Qg5+ Kf8 26.Qf6 Nxd1 27.Qd8+ 
Kg7 28.Qg5+ Kf8 29.Qd8+ 1/2-1/2

[Event "22nd EUR-ch (w)"]
[Site "Prague CZE"]
[Date "2022.08.25"]
[Round "6.28"]
[White "Antolak, Julia"]
[Black "Sedina, Elena"]
[Result "1-0"]
[WhiteElo "2378"]
[BlackElo "2213"]
[EventDate "2022.08.20"]
[PlyCount "115"]

1.e4 e6 2.d4 d5 3.Nc3 Nf6 4.Bg5 dxe4 5.Nxe4 Nbd7 6.Nxf6+ Nxf6 7.Nf3 h6 8.
Bh4 c5 9.Bxf6 gxf6 10.Qd3 Qa5+ 11.c3 Bd7 12.Nd2 cxd4 13.Qxd4 Qe5+ 14.Qxe5 
fxe5 15.Nc4 f6 16.O-O-O O-O-O 17.Be2 Kc7 18.b4 Be7 19.Bf3 b5 20.Na5 f5 21.
Kc2 e4 22.Be2 a6 23.Kb3 e5 24.c4 Be6 25.Kc3 Rd4 26.Nb3 Rxd1 27.Rxd1 Rb8 
28.a3 Ra8 29.Nc5 Bxc5 30.bxc5 Bxc4 31.Bxc4 bxc4 32.Rd5 Rb8 33.Rxe5 Rb3+ 
34.Kxc4 Rxa3 35.Rxf5 Ra2 36.Kd5 e3 37.fxe3 Rd2+ 38.Kc4 Rxg2 39.Rh5 Rg6 40.
e4 Kc6 41.Rh3 a5 42.Rb3 Kc7 43.Ra3 Ra6 44.Kb5 Re6 45.Rxa5 Rxe4 46.Ra7+ Kb8
47.Rh7 Rh4 48.Kb6 Rb4+ 49.Kc6 Rh4 50.Rh8+ Ka7 51.Kd7 Rd4+ 52.Kc7 Rh4 53.c6
Rxh2 54.Kc8 Kb6 55.c7 Kc6 56.Rg8 Kd6 57.Rg6+ Kd5 58.Kd7 1-0

[Event "22nd EUR-ch (w)"]
[Site "Prague CZE"]
[Date "2022.08.25"]
[Round "6.29"]
[White "Unuk, Laura"]
[Black "Pavlidou, Ekaterini"]
[Result "1-0"]
[WhiteElo "2350"]
[BlackElo "2158"]
[EventDate "2022.08.20"]
[PlyCount "65"]

1.c4 f5 2.Nc3 Nf6 3.d4 d6 4.Nf3 g6 5.g3 Bg7 6.Bg2 O-O 7.O-O c6 8.Re1 Ne4 
9.Qd3 Nxc3 10.bxc3 Qa5 11.Bg5 e5 12.e4 Re8 13.Nh4 f4 14.gxf4 h6 15.Bxh6 
Bxh6 16.Qg3 g5 17.fxg5 Bf8 18.Re3 exd4 19.cxd4 Bg7 20.Nf5 Bxf5 21.exf5 
Rxe3 22.Qxe3 Qxf5 23.Bh3 Bxd4 24.Bxf5 Bxe3 25.fxe3 Na6 26.Rd1 Rd8 27.Kg2 
Nc7 28.Kf3 Kf7 29.h4 Ke7 30.h5 d5 31.cxd5 Nxd5 32.e4 Rf8 33.h6 1-0

[Event "22nd EUR-ch (w)"]
[Site "Prague CZE"]
[Date "2022.08.25"]
[Round "6.30"]
[White "Zhukova, Natalia"]
[Black "Spanko, Nadia"]
[Result "1/2-1/2"]
[WhiteElo "2335"]
[BlackElo "2136"]
[EventDate "2022.08.20"]
[PlyCount "105"]

1.c4 c5 2.Nf3 Nf6 3.Nc3 Nc6 4.e3 d5 5.cxd5 Nxd5 6.Bb5 Nxc3 7.bxc3 Bd7 8.
O-O e6 9.d4 a6 10.Bd3 Be7 11.c4 Bf6 12.Bb2 Nb4 13.Bb1 b5 14.a3 Nc6 15.cxb5
axb5 16.Nd2 Na5 17.Ne4 Nc4 18.Bc3 Bc6 19.Nxc5 Nxa3 20.Be4 Bxe4 21.Nxe4 Be7
22.Qb3 Qd5 23.Qxd5 exd5 24.Nc5 O-O 25.Rfc1 Bxc5 26.dxc5 Rfc8 27.Bd2 Ra4 
28.Kf1 Nc4 29.Rxa4 bxa4 30.Bb4 f5 31.Ra1 a3 32.Bxa3 Nxa3 33.Rxa3 Rxc5 34.
Ra7 Rc1+ 35.Ke2 Rc2+ 36.Kf3 h6 37.h4 h5 38.Rd7 Rd2 39.Kg3 Kh7 40.Rd6 Kg8 
41.Rd7 Kh7 42.f3 Kh6 43.Kf4 Rxg2 44.Kxf5 Rg3 45.Kf4 Rh3 46.Rxd5 Rxh4+ 47.
Kg3 Ra4 48.f4 Ra3 49.Re5 g6 50.Re7 Ra2 51.Kf3 Rb2 52.Ra7 Rc2 53.Kg3 
1/2-1/2

[Event "22nd EUR-ch (w)"]
[Site "Prague CZE"]
[Date "2022.08.25"]
[Round "6.31"]
[White "Richtrova, Eliska"]
[Black "Belenkaya, Dina"]
[Result "1/2-1/2"]
[WhiteElo "2204"]
[BlackElo "2293"]
[EventDate "2022.08.20"]
[PlyCount "123"]

1.e4 c6 2.d4 d5 3.exd5 cxd5 4.Bd3 Nc6 5.c3 Nf6 6.h3 g6 7.Nf3 Bf5 8.O-O Bg7
9.Re1 Bxd3 10.Qxd3 O-O 11.Bf4 a6 12.Nbd2 b5 13.b4 Nh5 14.Bh2 Bh6 15.a4 Qb6
16.Nb3 Nf4 17.Qf1 Rfe8 18.Nc5 Na7 19.g3 Nh5 20.a5 Qf6 21.Qd3 Nc8 22.Ne5 
Nd6 23.Ned7 Qf5 24.Qxf5 gxf5 25.g4 Nf4 26.Bxf4 Bxf4 27.Nb6 Ra7 28.Nxd5 Bg5
29.f4 Bh4 30.Re2 e6 31.Ne3 Ne4 32.Nxe4 fxe4 33.g5 h6 34.Ng4 f5 35.Nf6+ Kf8
36.Nxe8 Kxe8 37.gxh6 Rh7 38.Kh2 Rxh6 39.Rg1 Kf7 40.Reg2 Rh7 41.Rg8 Bf2 42.
Ra8 Bxg1+ 43.Kxg1 Rxh3 44.Ra7+ Ke8 45.Rxa6 Kd7 46.Rb6 Rxc3 47.Rxb5 Ra3 48.
d5 Ra4 49.dxe6+ Kxe6 50.Kf2 Kd6 51.Ke3 Kc6 52.Rxf5 Rxb4 53.a6 Ra4 54.Rh5 
Kd6 55.Kf2 Ke6 56.Kg3 Kf6 57.Kg4 Kg7 58.Rg5+ Kf6 59.Rf5+ Kg6 60.Rg5+ Kf6 
61.Rh5 Kg7 62.Rg5+ 1/2-1/2

[Event "22nd EUR-ch (w)"]
[Site "Prague CZE"]
[Date "2022.08.25"]
[Round "6.32"]
[White "Dolzhykova, Kateryna"]
[Black "Blagojevic, Tijana"]
[Result "1/2-1/2"]
[WhiteElo "2139"]
[BlackElo "2291"]
[EventDate "2022.08.20"]
[PlyCount "61"]

1.e4 e5 2.Nf3 Nc6 3.Nc3 Nf6 4.d4 exd4 5.Nxd4 Bb4 6.Nxc6 bxc6 7.Qd4 Qe7 8.
f3 c5 9.Qe3 O-O 10.Bd2 d5 11.exd5 Qxe3+ 12.Bxe3 Nxd5 13.Bd2 Re8+ 14.Kf2 
Nxc3 15.bxc3 Rd8 16.Bd3 Ba5 17.Bg5 f6 18.Bc4+ Kh8 19.Rad1 Bf5 20.Be3 Bxc2 
21.Rxd8+ Rxd8 22.Rc1 Bg6 23.Bxc5 Rd2+ 24.Kg3 Bb6 25.Bxb6 cxb6 26.Bb3 Rd7 
27.Rd1 Rxd1 28.Bxd1 Kg8 29.Kf4 Kf8 30.Ke3 Ke7 31.Kd4 1/2-1/2